000 00666nam a2200193Ia 4500
003 GCL
008 140319s9999 xx 000 0 ara d
040 _aGCL /
_cGCL
082 0 4 _a651.75
_bد ر
245 1 0 _aرسائل التجارة والاعمال :
_bالمراسلات التجارية = BUSINESS CORRESPONDENCE = LETTRES D'AFFAIREF
250 _aالاولى
260 _aبيروت :
_bدار الراتب الجامعية ،
_c0
300 _a154 ص ؛
_c24 سم
490 _aسلسلة عالم المراسلات
_v0
650 0 4 _aادارة الاعمال
650 0 4 _aالتجارة
650 0 4 _aكتابة الرسائل
942 _2ddc
_cBK
999 _c38654
_d38654